The Moria muslims of Assam: (Record no. 26004)

MARC details
000 -LEADER
fixed length control field 01096nam a22002774a 4500
005 - DATE AND TIME OF LATEST TRANSACTION
control field 20071114120703.0
008 - FIXED-LENGTH DATA ELEMENTS--GENERAL INFORMATION
fixed length control field 070217s2007 ii | b 00| 0 eng
010 ## - LCCN (DPL NO)
LC control number ENG-93352
020 ## - INTERNATIONAL STANDARD BOOK NUMBER
International Standard Book Number 8189886169
Terms of availability 550.00
020 ## - INTERNATIONAL STANDARD BOOK NUMBER
International Standard Book Number 9788189886165
Terms of availability 550.00
035 ## - SYSTEM CONTROL NUMBER
System control number EN-76885
037 ## - SOURCE OF ACQUISITION
Source of stock number/acquisition DBAD / PUB
040 ## - CATALOGING SOURCE
Original cataloging agency dpl
Language of cataloging English
082 ## - DEWEY DECIMAL CLASSIFICATION NUMBER
Classification number 305.80095451
100 ## - MAIN ENTRY--PERSONAL NAME
Personal name Guha, Pradyot Kumar
245 ## - TITLE STATEMENT
Title The Moria muslims of Assam:
Statement of responsibility, etc by Pradyot Kumar Guha
Remainder of title a study on the cultural variability and drift /
260 ## - PUBLICATION, DISTRIBUTION, ETC. (IMPRINT)
Place of publication, distribution, etc Delhi
Name of publisher, distributor, etc Abhijeet Publications
Date of publication, distribution, etc 2007
270 ## - ADDRESS
Address 2/46 Tukhmeerpur Extension
City Delhi
Postal code 110094
300 ## - PHYSICAL DESCRIPTION
Extent x, 180p.
Dimensions 22cm (Hb)
500 ## - GENERAL NOTE
General note Includes bibliographical references and glossary
650 ## - SUBJECT ADDED ENTRY--TOPICAL TERM
Topical term or geographic name as entry element Moria
General subdivision History
650 ## - SUBJECT ADDED ENTRY--TOPICAL TERM
Topical term or geographic name as entry element Moria
General subdivision Social life and customs
651 ## - SUBJECT ADDED ENTRY--GEOGRAPHIC NAME
Geographic name Assam (India)
General subdivision Social life and customs
942 ## - ADDED ENTRY ELEMENTS (KOHA)
Source of classification or shelving scheme Dewey Decimal Classification
Item type English Books
Call number suffix GUH
Classification part 305.80095451
Holdings
Withdrawn status Lost status Source of classification or shelving scheme Damaged status Not for loan Collection code Home library Current library Date acquired Source of acquisition Cost, normal purchase price Total Checkouts Full call number Barcode Date last seen Copy number Cost, replacement price Koha item type
    Dewey Decimal Classification   Not For Loan Non-fiction D.B.Act.Division D.B.Act.Division 01/05/2009 DBAD / PUB 550.00   305.80095451 GUH EN-76885 01/05/2009 1 550.00 English Books

© Delhi Public Library
Hit Counter
free hit counter